000 01198cam a22003257a 4500
003 CHAP
005 20220817043232.0
008 971013s1986 r 00010 d
010 _a69208
011 _a70180
035 _a79660
040 _cCHAP
090 _aTesis
100 0 0 _aGonzález Hernández, Rogelio.
_949047
245 1 0 _aOperatividad de la Asegura Nacional Agrícola y Ganadera, S. A. en el área de influencia de la oficina Cuauhtémoc
260 _aChihuahua, Chih. :
_bEl autor,
_c1986
300 _a48 h.
_b; gráfs.
502 _aTesis (Ing. Agrónomo Esp. en Zonas Aridas) -- UACH. Departamento de Zonas Aridas
590 _aALEPH
_b10
_c20130110
_lUCH01
_h1407
590 _aBATCH-UPD
_b10
_c20130110
_lUCH01
_h0803
590 _aBATCH-UPD
_b10
_c20130410
_lUCH01
_h0441
590 _aBATCH-UPD
_b10
_c20130914
_lUCH01
_h1547
590 _aCONVERSION
_b10
_c20130109
_lUCH01
_h1338
650 1 4 _aSeguro agrícola
_xChihuahua.
_9103696
710 0 _aUACH. Departamento de Zonas Aridas.
790 _aOperatividad y seguro agrícola en el desarrollo agropecuario en el estado de Chihuahua
901 _aBK
942 _cTESIS
949 _bBC
_cTES
_d-32549
_eTS1
_h21728
_i79660
_si
999 _c69208
_d69208